Loading...
Draft five year plan
| Format: | Printed Book |
|---|---|
| Udgivet: |
Thiruvananthapuram :
State Planning Board,
1978.
|
| Fag: |
| LEADER | 00443nam a22001217a 4500 | ||
|---|---|---|---|
| 082 | |a 338.954 83 |b DRA | ||
| 245 | |a Draft five year plan | ||
| 260 | |a Thiruvananthapuram : |b State Planning Board, |c 1978. | ||
| 300 | |a 252p.; | ||
| 650 | |a Development economics |v Planning-Five |z Kerala | ||
| 942 | |c BK | ||
| 999 | |c 100827 |d 100827 | ||
| 952 | |0 0 |1 0 |4 0 |6 338_954000000000000_83_DRA |7 0 |9 94269 |a SSS |b SSS |c CAS |d 2012-05-22 |l 0 |o 338.954 83 DRA |p SSSMK1477 |r 2012-05-22 |w 2012-05-22 |y BK | ||